Cassell's conciselatin english, english-latin dictionary / (Registro nro. 144162)

Detalles MARC
000 -LEADER
campo de control de longitud fija 00704nam a2200229 i 4500
001 - NÚMERO DE CONTROL
campo de control 144162
003 - IDENTIFICADOR DE NÚMERO DE CONTROL
campo de control ES-MaACL
005 - FECHA Y HORA DE LA ÚLTIMA TRANSACCIÓN
campo de control 20230906200945.0
007 - CAMPO FIJO DE DESCRIPCIÓN FÍSICA--INFORMACIÓN GENERAL
campo de control de longitud fija t|
008 - DATOS DE LONGITUD FIJA--INFORMACIÓN GENERAL
campo de control de longitud fija 070214s1979 xxk r ||||1| lat d
020 ## - NÚMERO INTERNACIONAL ESTÁNDAR DEL LIBRO
Número Internacional Estándar del Libro 84-499-2323-9
080 ## - NÚMERO DE LA CLASIFICACIÓN DECIMAL UNIVERSAL
Número de la Clasificación Decimal Universal 807.1-3=20
080 ## - NÚMERO DE LA CLASIFICACIÓN DECIMAL UNIVERSAL
Número de la Clasificación Decimal Universal 802.0-3=71
245 00 - MENCIÓN DEL TÍTULO
Título Cassell's conciselatin english, english-latin dictionary /
Mención de responsabilidad, etc. compiled by D.P. Simpson.
250 ## - MENCION DE EDICION
Mención de edición 3rd ed.
260 ## - PUBLICACIÓN, DISTRIBUCIÓN, ETC.
Lugar de publicación, distribución, etc. London :
Nombre del editor, distribuidor, etc. Cassell,
Fecha de publicación, distribución, etc. 1979 (
Lugar de fabricación/manufactura Bilbao :
Fabricante Grijelmo)
300 ## - DESCRIPCIÓN FÍSICA
Extensión 379 p. ;
Dimensiones 19 cm.
650 #4 - PUNTO DE ACCESO ADICIONAL DE MATERIA--TÉRMINO DE MATERIA
Término de materia o nombre geográfico como elemento de entrada Lengua latina-
Subdivisión de forma Diccionarios-
Subdivisión general Inglés.
9 (RLIN) 14297
650 #4 - PUNTO DE ACCESO ADICIONAL DE MATERIA--TÉRMINO DE MATERIA
Término de materia o nombre geográfico como elemento de entrada Lengua inglesa-
Subdivisión de forma Diccionarios-
Subdivisión general Latín.
9 (RLIN) 174662
700 1# - ENTRADA AGREGADA--NOMBRE PERSONAL
Nombre de persona Simpson, D. P.
9 (RLIN) 106592
852 4# - LOCALIZACIÓN
Ubicación ES-MaACL
Número de control de estantería L-545
Existencias
Estatus retirado Estado de pérdida Estado de daño No para préstamo Biblioteca de origen Biblioteca actual Ubicación en estantería Fecha de adquisición Fuente de adquisición Total de préstamos Signatura topográfica completa Código de barras Visto por última vez Precio de reemplazo Tipo de ítem Koha
        Biblioteca del Ateneo de Madrid Biblioteca del Ateneo de Madrid Depósito 2 17/01/2008     L-545 1149986 23/02/2023 23/02/2023 Libro impreso